ঢ়
ক্ষ
ড়
ঢ়
য়
র-ফলা‌‌‌
 
 
য-ফলা
ি
 
 
রেফ
 
 
 
যুক্ত করুন/হসন্ত
Space
Enter

An A-Z of ELT : (Record no. 8384)

000 -LEADER
fixed length control field 00678nam a2200217 4500
001 - CONTROL NUMBER
control field 22074
003 - CONTROL NUMBER IDENTIFIER
control field BD-DhUAP
005 - DATE AND TIME OF LATEST TRANSACTION
control field 20240306155206.0
008 - FIXED-LENGTH DATA ELEMENTS--GENERAL INFORMATION
fixed length control field 240306b2006 thaa|||| |||| 001 0beng d
040 ## - CATALOGING SOURCE
Original cataloging agency BD-DhUAP
Language of cataloging eng
Transcribing agency BD-DhUAP
Modifying agency BD-DhUAP
Description conventions BD-DhUAP
082 ## - DEWEY DECIMAL CLASSIFICATION NUMBER
Edition number 21
Classification number 428.0071 THO
100 ## - MAIN ENTRY--PERSONAL NAME
Personal name Thornbury, Scott
245 ## - TITLE STATEMENT
Title An A-Z of ELT :
Remainder of title a dictionary of terms and concepts used in English language teaching /
Statement of responsibility, etc. Scott Thornbury
260 ## - PUBLICATION, DISTRIBUTION, ETC.
Place of publication, distribution, etc. Oxford :
Name of publisher, distributor, etc. Macmillan Education,
Date of publication, distribution, etc. c2006.
300 ## - PHYSICAL DESCRIPTION
Extent 256 p. ;
Dimensions 27 cm.
504 ## - BIBLIOGRAPHY, ETC. NOTE
Bibliography, etc. note Include Index and Bibliography.
650 ## - SUBJECT ADDED ENTRY--TOPICAL TERM
Topical term or geographic name entry element Communication
650 ## - SUBJECT ADDED ENTRY--TOPICAL TERM
Topical term or geographic name entry element English language
650 ## - SUBJECT ADDED ENTRY--TOPICAL TERM
Topical term or geographic name entry element Study and teachin
942 ## - ADDED ENTRY ELEMENTS (KOHA)
Source of classification or shelving scheme
Koha item type Book
Holdings
Withdrawn status Lost status Source of classification or shelving scheme Damaged status Not for loan Permanent Location Current Location Shelving location Date acquired Full call number Barcode Date last seen Copy number Cost, replacement price Price effective from Koha item type
          UAP Central Library UAP Central Library General Stacks 2024-03-06 428.0071 THO 3010022074 2024-03-06 1 1308.00 2024-03-06 Book

All rights reserved © UAP Central Library,
University of Asia Pacific.